"Szerencséd, hogy öreganyádnak szólítottál!"

Elmentve itt :
Bibliográfiai részletek
Szerző: Földvári Ildikó
További közreműködők: Szegfű László (Témavezető)
Dokumentumtípus: Szakdolgozat
Megjelent: 1989
Tárgyszavak:
Online Access:http://diploma.bibl.u-szeged.hu/89288
LEADER 00601nta a2200169 i 4500
001 dipl89288
005 20201112072309.0
008 201111s1989 hu om 0|| zxx d
040 |a SZTE Diploma Repozitórium  |b hun 
041 |a zxx 
100 1 |a Földvári Ildikó 
245 1 0 |a "Szerencséd, hogy öreganyádnak szólítottál!"  |h [elektronikus dokumentum] /  |c Ildikó Földvári 
260 |c 1989 
650 4 |a Bölcsészettudományok 
650 4 |a Anthropology, ethnology 
700 1 |a Szegfű László  |e ths 
856 4 0 |u http://diploma.bibl.u-szeged.hu/id/eprint/89288/1/1989_foldvari_ildiko.pdf  |z Dokumentum-elérés